书目信息 |
| 题名: |
美国诉微软案
|
|
| 作者: | 洛尔, , 布林克利, 著 ;刘庸安 , 范一亭 , 林小荣 译 | |
| 分册: | ||
| 出版信息: | 北京 北京大学出版社 2001.03 |
|
| 页数: | 402页, [8] 页图版 | |
| 开本: | 21cm | |
| 丛书名: | ||
| 单 册: | ||
| 中图分类: | D971.251 | |
| 科图分类: | ||
| 主题词: | 反托拉斯法--经济诉讼--案例--美国 | |
| 电子资源: | ||
| ISBN: | 7-301-04878-5 | |
| 000 | 01421nam0 2200337 450 | |
| 001 | 192004003900 | |
| 005 | 20070911151106.32 | |
| 010 | @a7-301-04878-5@dCNY28.00 | |
| 100 | @a20070602d2001 ekmy0chiy0121 ea | |
| 101 | 1 | @achi@ceng |
| 102 | @aCN@b110000 | |
| 105 | @acf z 000yy | |
| 200 | 1 | @a美国诉微软案@Amei guo su wei ruan an@e界碑性案件的内幕故事@d= U.S.V.Microsoft@eThe Inside story of the landmark case@f(美) 乔尔·布林克利, 史蒂夫·洛尔著@g刘庸安, 范一亭, 林小荣译@zeng |
| 210 | @a北京@c北京大学出版社@d2001.03 | |
| 215 | @a402页, [8] 页图版@c肖像@d21cm | |
| 300 | @a其他题名:界碑性案件的内幕故事 | |
| 300 | @a2000年美国最佳商业类图书 | |
| 300 | @a并列题名:U.S.V.Microsoft | |
| 330 | @a本书介绍了一个震撼信息时代的案件,内容包括戏剧性的法庭交锋,毁灭性的指控等,披露了新经济的第一个重大反垄断案件内幕. | |
| 333 | @a本书适合从事经济行业的或是各别执法人员参考阅读。 | |
| 510 | 1 | @aU.S.V.Microsoft@eThe Inside story of the landmark case@zeng |
| 517 | 1 | @a界碑性案件的内幕故事@Ajie bei xing an jian de nei mu gu shi |
| 606 | 0 | @a反托拉斯法@x经济诉讼@x案例@y美国 |
| 690 | @aD971.251@v4 | |
| 701 | 1 | @a洛尔,@Aluo er,@bS.@g(Lohr, Steve)@e美@4著 |
| 701 | 1 | @a布林克利,@Abu lin ke li,@bJ.@g(Brinkley, Joel)@f1952- @e美@4著 |
| 702 | 0 | @a刘庸安@Aliu yong an@4译 |
| 702 | 0 | @a范一亭@Afan yi ting@4译 |
| 702 | 0 | @a林小荣@Alin xiao rong@4译 |
| 801 | 2 | @aCN@c20070911 |
| 905 | @dD971.251@eS198 | |
| 美国诉微软案:界碑性案件的内幕故事= U.S.V.Microsoft:The Inside story of the landmark case/(美) 乔尔·布林克利, 史蒂夫·洛尔著/刘庸安, 范一亭, 林小荣译.-北京:北京大学出版社,2001.03 |
| 402页, [8] 页图版:肖像;21cm |
| 其他题名:界碑性案件的内幕故事.-2000年美国最佳商业类图书.-并列题名:U.S.V.Microsoft.-使用对象:本书适合从事经济行业的或是各别执法人员参考阅读。 |
| ISBN 7-301-04878-5:CNY28.00 |
| 本书介绍了一个震撼信息时代的案件,内容包括戏剧性的法庭交锋,毁灭性的指控等,披露了新经济的第一个重大反垄断案件内幕. |
| ● |
| 相关链接 |
|
|
|
正题名:美国诉微软案
索取号:D971.251/S198
 
预约/预借
| 序号 | 登录号 | 条形码 | 馆藏地/架位号 | 状态 | 备注 |
| 1 | 617310 | 206173102 | 社科库509/509社科库 109排1列1层/ [索取号:D971.251/S198] | 在馆 | |
| 2 | 617311 | 206173111 | 社科库509/509社科库 109排1列1层/ [索取号:D971.251/S198] | 在馆 | |
| 3 | 617312 | 206173120 | 社科库509/509社科库 109排1列1层/ [索取号:D971.251/S198] | 在馆 |